Statystyki dla Najbardziej ruchliwe lotniska w Europie

Kliknij tutaj aby rozwiązać quiz!

Ogólne statystyki

  • Ten quiz został rozwiązany 19 911 razy
  • Średni wynik to 32 z 51

Statystyki odpowiedzi

#Miasto% Poprawnych
17,8 mlnWarszawa
99%
46,1 mlnLondyn (Gatwick)
95%
80,1 mlnLondyn (Heathrow)
95%
16,8 mlnLondyn (Luton)
95%
28,0 mlnLondyn (Stansted)
95%
12,7 mlnBerlin (Schönefeld)
94%
22,0 mlnBerlin (Tegel)
94%
72,2 mlnParyż (Charles de Gaulle)
94%
33,1 mlnParyż (Orly)
94%
57,9 mlnMadryt
92%
29,4 mlnMoskwa (Domodiedowo)
90%
45,3 mlnMoskwa (Szeremetiewo)
90%
21,5 mlnMoskwa (Wnukowo)
90%
43,0 mlnRzym
88%
50,2 mlnBarcelona
85%
28,5 mlnOslo
82%
12,6 mlnKijów
78%
29,0 mlnLizbona
78%
24,1 mlnAteny
76%
16,8 mlnPraga
76%
26,8 mlnSztokholm
76%
71,0 mlnAmsterdam
73%
20,8 mlnHelsinki
70%
46,3 mlnMonachium
70%
27,0 mlnWiedeń
70%
14,9 mlnBudapeszt
68%
31,5 mlnDublin
68%
25,7 mlnBruksela
67%
24,7 mlnMediolan (Malpensa)
65%
12,9 mlnMediolan (Orio al Serio)
65%
30,3 mlnKopenhaga
64%
13,8 mlnBukareszt
61%
69,5 mlnFrankfurt
58%
68,0 mlnStambuł (Atatürk)
57%
28,3 mlnManchester
56%
18,1 mlnPetersburg
54%
17,2 mlnHamburg
53%
11,0 mlnLyon
43%
11,9 mlnPorto
39%
31,1 mlnZurych
33%
14,3 mlnEdynburg
28%
13,0 mlnKolonia / Bonn
28%
11,2 mlnWenecja
27%
12,4 mlnBirmingham
23%
13,9 mlnNicea
21%
17,7 mlnGenewa
19%
24,3 mlnDüsseldorf
14%
19,0 mlnMalaga
13%
29,1 mlnPalma de Mallorca
10%
11,8 mlnStuttgart
10%
14,0 mlnAlicante
5%

Rozkład punktacji

Percentyl według liczby udzielonych odpowiedzi

Procent ludzi z każdym wynikiem

Twoja historia wyników

Nie rozwiązałeś tego quizu